NFL Week 7 Fantasy Leaders 2024-2025 - Statistics

General Stats
  • This quiz has been taken 143 times
  • The average score is 10 of 20
Answer Stats
Position Points Answer % Correct
QB 34.4 Lamar Jackson
91%
RB 25.2 Derrick Henry
80%
WR 25.2 Amon-Ra St. Brown
73%
RB 32 Jahmyr Gibbs
70%
RB 26.7 Saquon Barkley
69%
QB 29 Baker Mayfield
63%
QB 22.8 Jalen Hurts
58%
RB 26.1 Javonte Williams
57%
RB 23.3 Bijan Robinson
56%
RB 26.4 Joe Mixon
49%
TE 22.6 Jonnu Smith
49%
RB 26.1 Breece Hall
44%
QB 24.9 Russell Wilson
44%
RB 23.3 Kenneth Walker
38%
RB 29.1 Rachaad White
33%
WR 22.1 George Pickens
29%
TE 23.6 David Njoku
28%
RB 22.3 Kareem Hunt
24%
RB 23.8 Tank Bigsby
21%
WR 22.1 Rashod Bateman
11%
No matching quizzes found
Score Distribution
Percent of People with Each Score
Percentile by Number Answered
Your Score History
You have not taken this quiz